[Event "BL 1516 Bayern München - Turm Emsdette"]
[Site "?"]
[Date "2016.03.13"]
[Round "11.4"]
[White "Belezky, Alexander"]
[Black "Hector, Jonny"]
[Result "0-1"]
[WhiteElo "2448"]
[BlackElo "2489"]
[PlyCount "142"]
[EventDate "2016.??.??"]

1. Nf3 d5 2. g3 Nc6 3. d4 Bg4 4. Bg2 Qd7 5. h3 Bf5 6. c3 f6 7. Nh4 Bxb1 8. Rxb1
O-O-O 9. Qa4 Kb8 10. b4 e6 11. b5 Nce7 12. c4 dxc4 13. e3 Nc8 14. Qxc4 Nge7 15.
O-O g5 16. Nf3 h5 17. Nd2 Nd5 18. a4 g4 19. h4 f5 20. Qb3 Bg7 21. Nc4 Ncb6 22.
Nb2 f4 23. exf4 Bxd4 24. a5 Nc3 25. axb6 Nxb1 26. bxa7+ Bxa7 27. b6 Bxb6 28.
Na4 Nd2 29. Bxd2 Qxd2 30. Nxb6 cxb6 31. Qxb6 Rh7 32. Qxe6 Qd7 33. Qe5+ Qc7 34.
Qb5 Rd6 35. Rb1 Qd7 36. Qe5 Qe6 37. Be4 Re7 38. Qh8+ Qc8 39. Qxc8+ Kxc8 40. Rb4
b6 41. Kf1 Ra7 42. Ke2 Ra2+ 43. Ke3 Ra3+ 44. Ke2 Kd8 45. Bh7 Re6+ 46. Kf1 Ra1+
47. Bb1 Ke7 48. Rb3 Ra5 49. f3 Rd5 50. Be4 Ra5 51. Bb1 Rc6 52. fxg4 hxg4 53.
Kf2 Rac5 54. Be4 Re6 55. Bd3 Rd5 56. Bc4 Rd2+ 57. Kf1 Re4 58. Ba6 Ra4 59. Be2
Ra1+ 60. Kf2 Raa2 61. Re3+ Kf6 62. Ke1 Rdb2 63. Bxg4 Ra1+ 64. Bd1 Rh2 65. Rd3
b5 66. Rd2 Rh1+ 67. Ke2 Rg1 68. Rd3 b4 69. Bb3 Ra3 70. Kd2 Rg2+ 71. Kc1 Ra1#
0-1

[Event "BL 1516 Bayern München - Turm Emsdette"]
[Site "?"]
[Date "2016.03.13"]
[Round "11.5"]
[White "Janssen, Ruud"]
[Black "Meister, Peter"]
[Result "1-0"]
[WhiteElo "2491"]
[BlackElo "2368"]
[PlyCount "51"]
[EventDate "2016.??.??"]

1. d4 d5 2. c4 dxc4 3. Nf3 a6 4. e3 Bg4 5. Bxc4 e6 6. h3 Bh5 7. Nc3 Nf6 8. g4
Bg6 9. Ne5 Nbd7 10. Nxg6 hxg6 11. Qf3 c6 12. Bd2 Be7 13. Rd1 Nd5 14. O-O g5 15.
Rfe1 Bd6 16. Bxd5 cxd5 17. e4 dxe4 18. Nxe4 Be7 19. Bxg5 f6 20. Bf4 Nb6 21. Nc3
Qd7 22. d5 e5 23. d6 Bf8 24. Be3 Nc4 25. Ne4 Nxe3 26. Rxe3 1-0

[Event "BL 1516 Bayern München - Turm Emsdette"]
[Site "?"]
[Date "2016.03.13"]
[Round "11.6"]
[White "Loeffler, Stefan"]
[Black "Fiebig, Thomas"]
[Result "1/2-1/2"]
[WhiteElo "2375"]
[BlackElo "2432"]
[PlyCount "119"]
[EventDate "2016.??.??"]

1. d4 d5 2. c4 e6 3. Nf3 c5 4. cxd5 exd5 5. g3 Nc6 6. Bg2 Nf6 7. O-O Be7 8.
dxc5 Bxc5 9. Qc2 Bb6 10. Nc3 Be6 11. Na4 O-O 12. Nxb6 Qxb6 13. Bg5 Ne4 14. Be3
Qa6 15. b3 Bg4 16. Rfe1 Rac8 17. Qb2 Bxf3 18. Bxf3 Rfe8 19. Red1 Rcd8 20. Rac1
h6 21. Kg2 Qa5 22. a3 Qb5 23. b4 a6 24. Rd3 f5 25. Bd4 Re7 26. Rcd1 Kh7 27. Qc2
Nxd4 28. Rxd4 g6 29. a4 Qc6 30. Qxc6 bxc6 31. Rc1 Re6 32. e3 a5 33. b5 c5 34.
Rdd1 h5 35. Bxe4 Rxe4 36. Rxc5 Rxa4 37. Rc7+ Kh6 38. Ra7 d4 39. b6 Rb8 40. exd4
Rxb6 41. h4 Rd6 42. Rc1 g5 43. hxg5+ Kxg5 44. f4+ Kg6 45. Rcc7 Raxd4 46. Rg7+
Kf6 47. Rh7 Kg6 48. Rag7+ Kf6 49. Rg5 Rd1 50. Rh6+ Ke7 51. Rxd6 Kxd6 52. Rxf5
Rd5 53. Rf8 Kc5 54. f5 Kd6 55. f6 Ke6 56. Kf3 Rf5+ 57. Ke4 Rxf6 58. Ra8 Rg6 59.
Ra6+ Kf7 60. Rxa5 1/2-1/2

[Event "BL 1516 Bayern München - Turm Emsdette"]
[Site "?"]
[Date "2016.03.13"]
[Round "11.7"]
[White "Richter, Christian"]
[Black "Unzicker, Ferdinand"]
[Result "1/2-1/2"]
[WhiteElo "2358"]
[BlackElo "2307"]
[PlyCount "58"]
[EventDate "2016.??.??"]

1. d4 d5 2. Nf3 e6 3. c4 c5 4. cxd5 exd5 5. Nc3 Nc6 6. dxc5 d4 7. Na4 Bxc5 8.
Nxc5 Qa5+ 9. Bd2 Qxc5 10. Rc1 Qb6 11. e3 dxe3 12. Bxe3 Qxb2 13. Bc4 Qb4+ 14.
Kf1 Be6 15. Bxe6 fxe6 16. Ng5 Qb5+ 17. Kg1 Qd5 18. Qg4 Nf6 19. Qxe6+ Qxe6 20.
Nxe6 Kf7 21. Nc5 b6 22. Nd3 Rhd8 23. Rxc6 Rxd3 24. h3 Nd5 25. Kh2 Re8 26. Rf1
Re6 27. Rc2 Ke7 28. Bg5+ Kd7 29. Rfc1 h6 1/2-1/2

[Event "BL 1516 Bayern München - Turm Emsdette"]
[Site "?"]
[Date "2016.03.13"]
[Round "11.8"]
[White "Zwanzger, Johannes"]
[Black "van Foreest, Lucas"]
[Result "1/2-1/2"]
[WhiteElo "2265"]
[BlackElo "2345"]
[PlyCount "63"]
[EventDate "2016.??.??"]

1. e4 e5 2. Nf3 Nc6 3. Nc3 Nf6 4. Bb5 Bd6 5. O-O O-O 6. d3 h6 7. Ne2 Re8 8. c3
a6 9. Ba4 Bf8 10. Ng3 d6 11. Re1 b5 12. Bc2 Nb8 13. a4 Bb7 14. axb5 axb5 15.
Rxa8 Bxa8 16. d4 Nbd7 17. Bd3 c6 18. Qb3 Bb7 19. h3 Qc7 20. Be3 d5 21. Nxe5
Nxe5 22. dxe5 Nxe4 23. Nxe4 dxe4 24. Bxe4 Qxe5 25. Bf3 Bd6 26. g3 Bc5 27. Re2
Qf5 28. Bxc5 Rxe2 29. Bxe2 Qxc5 30. Qd1 Qe7 31. Bf3 c5 32. Bxb7 1/2-1/2

[Event "BL 1516 SG Solingen - SV Mülheim Nord"]
[Site "?"]
[Date "2016.03.13"]
[Round "11.3"]
[White "Landa, Konstantin"]
[Black "Smeets, Jan"]
[Result "0-1"]
[WhiteElo "2624"]
[BlackElo "2602"]
[PlyCount "224"]
[EventDate "2016.??.??"]

1. d4 d5 2. Nf3 Nf6 3. c4 c6 4. e3 Bg4 5. h3 Bh5 6. cxd5 Bxf3 7. Qxf3 cxd5 8.
Nc3 Nc6 9. Bd3 e6 10. O-O Be7 11. Bd2 O-O 12. Qe2 Nb4 13. Bb1 Rc8 14. Rd1 a6
15. Be1 g6 16. a3 Nc6 17. b4 b5 18. Na2 Ne8 19. Nc1 Nd6 20. Nb3 Nc4 21. Nc5 a5
22. Bd3 axb4 23. axb4 Ra8 24. Rxa8 Qxa8 25. Bc3 Rd8 26. Ra1 Qc8 27. Qa2 Qc7 28.
Bxc4 dxc4 29. Qa6 Rb8 30. Rd1 e5 31. Qa1 Rd8 32. Na6 Qb6 33. d5 Ra8 34. dxc6
Qxc6 35. Bxe5 f6 36. Bc3 Rxa6 37. Qb2 Qe6 38. Re1 Rd6 39. Bd4 Kf7 40. e4 Rd7
41. e5 Rd5 42. f4 f5 43. Ra1 Qc6 44. Kh2 Rd7 45. Bc3 Rd3 46. Ra7 Qb6 47. Qa1
Qe3 48. e6+ Qxe6 49. Bh8 Rd7 50. Ra6 Rd6 51. Ra7 Rd7 52. Ra6 Bd6 53. Be5 Qd5
54. Bxd6 Rxd6 55. Ra7+ Rd7 56. Qh8 Rxa7 57. Qxh7+ Ke6 58. Qxa7 Qd6 59. Qe3+ Kf7
60. Qa7+ Ke6 61. Qe3+ Kf7 62. Qa7+ Kf6 63. Qe3 Qxb4 64. Qd4+ Ke6 65. Qe5+ Kf7
66. Qd5+ Ke7 67. Qe5+ Kd7 68. Qg7+ Qe7 69. Qxg6 Qe4 70. Qg7+ Kc6 71. Qf6+ Kd5
72. Qd8+ Kc6 73. Qc8+ Kd5 74. Qd8+ Kc5 75. Qf8+ Kd4 76. Qg7+ Ke3 77. Qc3+ Qd3
78. Qe5+ Kd2 79. Qb2+ Ke3 80. Qe5+ Qe4 81. Qc3+ Ke2 82. Qb2+ Kd1 83. Qa1+ Kc2
84. Qa2+ Kc3 85. Qa3+ Kd4 86. Qa7+ Kd3 87. Qd7+ Kc2 88. Qxb5 c3 89. h4 Kd2 90.
Qa5 Qxf4+ 91. g3 Qf2+ 92. Kh3 Qf1+ 93. Kh2 Qe2+ 94. Kh3 Qf1+ 95. Kh2 Qe2+ 96.
Kh3 Qe4 97. Kh2 Qf3 98. Kh3 Qd3 99. h5 Kd1 100. Qa1+ Ke2 101. h6 c2 102. Qb2
Qd2 103. Kg2 f4 104. gxf4 Qd5+ 105. Kh3 Qh5+ 106. Kg3 Qg6+ 107. Kh4 Qxh6+ 108.
Kg4 Qg7+ 109. Kh5 Qh8+ 110. Kg5 Qd8+ 111. Kg4 Qd7+ 112. Kg3 Qd2 0-1

[Event "BL 1516 SG Solingen - SV Mülheim Nord"]
[Site "?"]
[Date "2016.03.13"]
[Round "11.7"]
[White "Feygin, Michael"]
[Black "Naumann, Alexander"]
[Result "1/2-1/2"]
[WhiteElo "2474"]
[BlackElo "2549"]
[PlyCount "198"]
[EventDate "2016.??.??"]

1. e4 e6 2. d4 d5 3. Nc3 Bb4 4. Nge2 Nc6 5. a3 Ba5 6. exd5 exd5 7. g3 Bg4 8.
Bg2 Bxc3+ 9. bxc3 Qd7 10. h3 Bxe2 11. Qxe2+ Nge7 12. h4 Qe6 13. Qxe6 fxe6 14.
O-O Kf7 15. Rb1 b6 16. Re1 Na5 17. Bh3 Nf5 18. Bxf5 exf5 19. Re5 g6 20. Bg5
Rhe8 21. Rxd5 Ke6 22. Rdb5 Nc4 23. a4 a6 24. d5+ Kd7 25. R5b4 Nd6 26. Kf1 Re4
27. Bf4 Rae8 28. Rd4 Nc4 29. Rb4 Re1+ 30. Kg2 Nd6 31. Bxd6 Kxd6 32. Rbc4 R1e4
33. Rc6+ Kd7 34. h5 gxh5 35. Rh6 R8e7 36. Rxh5 R4e5 37. c4 a5 38. c3 Rf7 39.
Kf3 Re1 40. Kf4 Ra1 41. Rxf5 Rxf5+ 42. Kxf5 Rxa4 43. Rh4 h5 44. Ke5 Ra2 45. f4
Re2+ 46. Kd4 Rg2 47. Rxh5 Rxg3 48. Rh7+ Kd6 49. Rh6+ Kd7 50. Rh7+ Kd6 51. Rh6+
Kd7 52. f5 a4 53. Rh7+ Kd6 54. Rh6+ Kd7 55. Rh8 Ke7 56. Rc8 Rg4+ 57. Kd3 Kd7
58. Ra8 Rf4 59. Rxa4 Rxf5 60. Ra8 Rf4 61. Rh8 Rg4 62. Rh6 Rf4 63. Rc6 Rh4 64.
Kc2 Rh1 65. Kb3 Rb1+ 66. Kc2 Rh1 67. Rg6 Rf1 68. Re6 Rh1 69. Kd2 Rh2+ 70. Kd3
Rh4 71. Re4 Rh3+ 72. Re3 Rh4 73. Re4 Rh3+ 74. Kd4 c5+ 75. Ke5 Rxc3 76. Rh4 Re3+
77. Kf4 Rc3 78. Ke5 Re3+ 79. Kf4 Rc3 80. Rh7+ Kd6 81. Rh6+ Kc7 82. Ke5 Re3+ 83.
Kf5 Rf3+ 84. Ke6 Re3+ 85. Kf7 Kd7 86. Rxb6 Re4 87. Rb7+ Kd6 88. Rb6+ Kd7 89.
Kf6 Rxc4 90. Ke5 Rh4 91. Rb7+ Kc8 92. Rg7 c4 93. Ke6 Rh6+ 94. Ke7 Kc7 95. Rg4
Rh7+ 96. Ke6 Rh6+ 97. Ke5 Rh5+ 98. Kd4 c3 99. Rg3 Rh4+ 1/2-1/2

[Event "BL 1516 OSG Baden Baden - Schwäbisch H"]
[Site "?"]
[Date "2016.04.09"]
[Round "12.1"]
[White "Jakovenko, Dmitry"]
[Black "Adams, Michael"]
[Result "1/2-1/2"]
[WhiteElo "2731"]
[BlackElo "2728"]
[PlyCount "49"]
[EventDate "2016.??.??"]

1. e4 e5 2. Nf3 Nc6 3. Bb5 a6 4. Ba4 Nf6 5. O-O Be7 6. d3 b5 7. Bb3 d6 8. a4 b4
9. Nbd2 O-O 10. Nc4 Be6 11. c3 bxc3 12. bxc3 Rb8 13. Ba2 h6 14. Re1 Re8 15. Bd2
Bf8 16. h3 Qc8 17. Qc2 Ne7 18. Ne3 Ng6 19. Rab1 Qd7 20. Bxe6 Qxe6 21. c4 c6 22.
Rxb8 Rxb8 23. Rb1 Rxb1+ 24. Qxb1 d5 25. cxd5 1/2-1/2

[Event "BL 1516 OSG Baden Baden - Schwäbisch H"]
[Site "?"]
[Date "2016.04.09"]
[Round "12.2"]
[White "Kasimdzhanov, Rustam"]
[Black "Li, Chao"]
[Result "1-0"]
[WhiteElo "2694"]
[BlackElo "2755"]
[PlyCount "99"]
[EventDate "2016.??.??"]

1. e4 e5 2. Nf3 Nf6 3. Nxe5 d6 4. Nf3 Nxe4 5. d4 d5 6. Bd3 Nc6 7. O-O Be7 8.
Nbd2 Nd6 9. c3 Bf5 10. Bxf5 Nxf5 11. Qb3 Rb8 12. Re1 O-O 13. Ne5 Re8 14. Ndf3
Nh4 15. Nxh4 Bxh4 16. Bf4 Re6 17. Nd3 Rxe1+ 18. Rxe1 h6 19. Qd1 Ne7 20. Ne5 Ng6
21. Nxg6 fxg6 22. Qg4 Kh7 23. Qe6 Bf6 24. Qf7 Rc8 25. Re6 g5 26. Be5 Bxe5 27.
Rxe5 Qf6 28. Qxf6 gxf6 29. Rxd5 Kg6 30. Kf1 h5 31. Rd7 Kf5 32. Re7 b5 33. Ke2
a5 34. Kd3 a4 35. d5 Rd8 36. c4 c6 37. Kc3 cxd5 38. c5 d4+ 39. Kd3 Rc8 40. Kxd4
Rd8+ 41. Kc3 Rd5 42. Kb4 Rd2 43. c6 Rxb2+ 44. Kc3 Rxa2 45. c7 b4+ 46. Kxb4 Rc2
47. Kxa4 h4 48. Kb5 Kf4 49. Kb6 f5 50. Re8 1-0

[Event "BL 1516 OSG Baden Baden - Schwäbisch H"]
[Site "?"]
[Date "2016.04.09"]
[Round "12.3"]
[White "Inarkiev, Ernesto"]
[Black "Shirov, Alexei"]
[Result "1-0"]
[WhiteElo "2679"]
[BlackElo "2686"]
[PlyCount "81"]
[EventDate "2016.??.??"]

1. d4 d5 2. c4 c6 3. Nf3 Nf6 4. e3 Bg4 5. Qb3 Qb6 6. Nc3 e6 7. Nh4 Bh5 8. h3
Nbd7 9. g4 Bg6 10. Nxg6 hxg6 11. Bg2 g5 12. O-O Be7 13. Rd1 Nf8 14. Qa4 Ng6 15.
cxd5 exd5 16. Nxd5 Nxd5 17. Bxd5 Rxh3 18. Bg2 Rh4 19. d5 Ne5 20. Qd4 f6 21.
Qxb6 axb6 22. f4 gxf4 23. exf4 Nxg4 24. dxc6 Kf8 25. cxb7 Bc5+ 26. Kf1 Re8 27.
Bf3 f5 28. b4 Bxb4 29. Bc6 Rb8 30. Rb1 Bc5 31. Rd7 Ne3+ 32. Ke2 Nc4 33. Rc7
Rh2+ 34. Kd3 Nd6 35. Bb2 Rh3+ 36. Kc2 Rh2+ 37. Kd1 Rd8 38. Bxg7+ Kg8 39. Bd5+
Nf7 40. Rc8 Kxg7 41. Rxd8 1-0

[Event "BL 1516 OSG Baden Baden - Schwäbisch H"]
[Site "?"]
[Date "2016.04.09"]
[Round "12.4"]
[White "Bacrot, Etienne"]
[Black "Laznicka, Viktor"]
[Result "1-0"]
[WhiteElo "2698"]
[BlackElo "2673"]
[PlyCount "85"]
[EventDate "2016.??.??"]

1. e4 c5 2. Nf3 e6 3. d4 cxd4 4. Nxd4 Nc6 5. Nc3 Qc7 6. f4 a6 7. Nxc6 bxc6 8.
Bd3 d5 9. O-O Nf6 10. Kh1 Be7 11. Qe2 O-O 12. Bd2 c5 13. b3 Bb7 14. e5 Nd7 15.
Rae1 f5 16. exf6 Rxf6 17. Nd1 Bd6 18. Nf2 e5 19. c4 e4 20. Bb1 Bxf4 21. cxd5
Bxd2 22. Qxd2 Raf8 23. Bxe4 c4 24. Qe2 cxb3 25. axb3 Nc5 26. Bf3 Rxf3 27. gxf3
Bxd5 28. Ne4 Nxb3 29. Qd3 Qc4 30. Qxc4 Bxc4 31. Rf2 a5 32. Rc2 Bf7 33. Rc7 Nd4
34. Ng5 Nxf3 35. Nxf3 Bd5 36. Ree7 Rxf3 37. Rxg7+ Kf8 38. Kg1 Bf7 39. Rxh7 a4
40. Ra7 Kg8 41. Rh4 a3 42. Rg4+ Kf8 43. Rb4 1-0

[Event "BL 1516 OSG Baden Baden - Schwäbisch H"]
[Site "?"]
[Date "2016.04.09"]
[Round "12.5"]
[White "Gharamian, Tigran"]
[Black "Naiditsch, Arkadij"]
[Result "1/2-1/2"]
[WhiteElo "2627"]
[BlackElo "2660"]
[PlyCount "94"]
[EventDate "2016.??.??"]

1. e4 c5 2. Nf3 Nc6 3. Bb5 g6 4. Bxc6 bxc6 5. O-O Bg7 6. Re1 Nh6 7. c3 O-O 8.
d4 cxd4 9. cxd4 d5 10. e5 f6 11. exf6 exf6 12. Nbd2 g5 13. Nb3 Re8 14. Bd2 Bg4
15. h3 Bh5 16. Rc1 Qd7 17. Na5 Rxe1+ 18. Bxe1 Rc8 19. Qd3 Bf8 20. Nd2 Re8 21.
Ndb3 Nf7 22. Bd2 Nd8 23. Qc3 Re2 24. Be3 g4 25. hxg4 Bxg4 26. Nd2 Qf5 27. Nxc6
Nxc6 28. Qxc6 h5 29. Qe8 h4 30. Rc7 Qxf2+ 31. Bxf2 Rxe8 32. Bxh4 Re2 33. Nf3
Rxb2 34. Rxa7 Bh6 35. Re7 Rxa2 36. Bxf6 Bf5 37. Ng5 Bxg5 38. Rg7+ Kf8 39. Rxg5
Be4 40. Be5 Ra6 41. Rg4 Rg6 42. Rf4+ Ke7 43. g4 Rc6 44. g5 Rc2 45. Kf1 Bd3+ 46.
Kg1 Be4 47. Kf1 Bd3+ 1/2-1/2

[Event "BL 1516 OSG Baden Baden - Schwäbisch H"]
[Site "?"]
[Date "2016.04.09"]
[Round "12.6"]
[White "Nisipeanu, Liviu-Dieter"]
[Black "Cornette, Matthieu"]
[Result "1-0"]
[WhiteElo "2667"]
[BlackElo "2581"]
[PlyCount "47"]
[EventDate "2016.??.??"]

1. d4 Nf6 2. Nf3 e6 3. Bf4 c5 4. e3 Nc6 5. Nbd2 d5 6. c3 Bd6 7. Bg3 O-O 8. Bb5
a6 9. Bd3 b6 10. e4 Be7 11. exd5 exd5 12. Ne5 Bb7 13. O-O cxd4 14. Nxc6 Bxc6
15. cxd4 Bb5 16. Bxb5 axb5 17. Qb3 b4 18. Rfe1 Nh5 19. Be5 Qd7 20. Nf1 Rfc8 21.
Ne3 Ra5 22. Rac1 Rc6 23. Nf5 Bf8 24. Qh3 1-0

[Event "BL 1516 OSG Baden Baden - Schwäbisch H"]
[Site "?"]
[Date "2016.04.09"]
[Round "12.7"]
[White "Bogner, Sebastian"]
[Black "Movsesian, Sergei"]
[Result "1-0"]
[WhiteElo "2546"]
[BlackElo "2659"]
[PlyCount "173"]
[EventDate "2016.??.??"]

1. Nf3 Nf6 2. c4 e6 3. g3 d5 4. Bg2 Be7 5. O-O O-O 6. d4 dxc4 7. Qc2 a6 8. a4
Bd7 9. Qxc4 Bc6 10. Bf4 Bd6 11. Qc1 Nbd7 12. Nc3 Qe7 13. Re1 Bxf3 14. Bxf3 c6
15. a5 Rad8 16. Bxd6 Qxd6 17. Rd1 Nd5 18. Qc2 f5 19. Qb3 Rb8 20. Qa3 Qxa3 21.
Rxa3 Rfd8 22. e4 N5f6 23. exf5 exf5 24. Kg2 Ne8 25. d5 c5 26. d6 Ne5 27. Na4
Nxf3 28. Rxf3 Rxd6 29. Re1 c4 30. Rxf5 Nf6 31. Nb6 Rc6 32. Rc1 Rd8 33. Rxc4
Rxc4 34. Nxc4 Nd5 35. Rf3 Ne7 36. Rb3 Rd7 37. Ne5 Rc7 38. Kf3 Kf8 39. Ke4 Ke8
40. f4 Nc8 41. Kd5 Ne7+ 42. Kd6 Kd8 43. g4 Nc8+ 44. Kd5 h6 45. h4 Na7 46. Rb6
Nc8 47. Rb4 Na7 48. Rc4 Re7 49. g5 Nb5 50. f5 Nc7+ 51. Ke4 Ne8 52. Kf4 Nd6 53.
Rd4 Kc7 54. gxh6 gxh6 55. f6 Re6 56. f7 Rf6+ 57. Kg4 Nf5 58. Rf4 Ne3+ 59. Kf3
Nf5 60. Rg4 Kd6 61. Ke4 Ke6 62. Rg6 Nd6+ 63. Kd4 Nf5+ 64. Kc5 Rxg6 65. f8=Q
Kxe5 66. Qb8+ Nd6 67. h5 Re6 68. b4 Rf6 69. Qc7 Re6 70. Qg7+ Kf5 71. Qd7 Ke5
72. Qg7+ Kf5 73. Kd5 Ne4 74. Qh7+ Kf4 75. Qc7+ Kf5 76. Qh7+ Kf4 77. Qxb7 Re5+
78. Kd4 Re6 79. b5 axb5 80. Qxb5 Rd6+ 81. Kc4 Nd2+ 82. Kb4 Rd4+ 83. Kc5 Re4 84.
Qb8+ Re5+ 85. Qxe5+ Kxe5 86. a6 Nb3+ 87. Kb6 1-0

[Event "BL 1516 OSG Baden Baden - Schwäbisch H"]
[Site "?"]
[Date "2016.04.09"]
[Round "12.8"]
[White "Meier, Georg"]
[Black "Wirig, Anthony"]
[Result "1/2-1/2"]
[WhiteElo "2659"]
[BlackElo "2502"]
[PlyCount "99"]
[EventDate "2016.??.??"]

1. Nf3 d5 2. g3 Nf6 3. Bg2 c6 4. O-O Bg4 5. h3 Bxf3 6. Bxf3 Nbd7 7. d3 e6 8.
Bg2 h5 9. c4 h4 10. cxd5 Nxd5 11. g4 Qc7 12. Nc3 Bd6 13. Bd2 Nf4 14. Bxf4 Bxf4
15. e3 Bd6 16. d4 Nf6 17. f4 Nd5 18. Qf3 Nxc3 19. bxc3 Be7 20. Rab1 Rc8 21. e4
b6 22. e5 Qd7 23. Rbd1 b5 24. Qe3 g6 25. Be4 Qc7 26. Kh1 Qb6 27. f5 gxf5 28.
gxf5 Kd7 29. Bf3 Qa6 30. Bg4 Qxa2 31. Ra1 Qd5+ 32. Bf3 Qc4 33. Be2 Qd5+ 34. Bf3
Qc4 35. Rxa7+ Rc7 36. Rfa1 Rhc8 37. f6 Bf8 38. Bh5 Rxa7 39. Rxa7+ Rc7 40. Ra1
Qd5+ 41. Kh2 Qb3 42. Ra8 Rc8 43. Ra7+ Rc7 44. Ra8 Rc8 45. Ra7+ Rc7 46. d5 Qxd5
47. Rxc7+ Kxc7 48. Qa7+ Kc8 49. Qa8+ Kc7 50. Qa7+ 1/2-1/2

[Event "BL 1516 Bayern München - Erfurter SK"]
[Site "?"]
[Date "2016.04.09"]
[Round "12.1"]
[White "Romanov, Evgeny"]
[Black "Bischoff, Klaus"]
[Result "1-0"]
[WhiteElo "2635"]
[BlackElo "2508"]
[PlyCount "87"]
[EventDate "2016.??.??"]

1. d4 Nf6 2. Nf3 e6 3. Bf4 c5 4. e3 b6 5. Bd3 Bb7 6. Nbd2 cxd4 7. exd4 Be7 8.
h3 O-O 9. c3 Ba6 10. Bxa6 Nxa6 11. a4 d6 12. O-O Qd7 13. Qe2 Nc7 14. Bg3 Ncd5
15. Ne1 a6 16. Nd3 b5 17. Rfc1 Rac8 18. Qd1 Rc7 19. Ra2 Rfc8 20. axb5 axb5 21.
Rca1 Nb6 22. Ra6 Rb7 23. Nb4 Bf8 24. Qf3 d5 25. Be5 Qd8 26. Nb3 Nc4 27. Nc6 Qd7
28. Nba5 Rb6 29. Rxb6 Nxb6 30. Bxf6 gxf6 31. Qxf6 Rxc6 32. Nxc6 Qxc6 33. Qg5+
Kh8 34. Qf6+ Kg8 35. Qg5+ Kh8 36. Qd8 Qd6 37. Qxd6 Bxd6 38. Ra6 Bc7 39. Ra7 Bf4
40. Rxf7 Bc1 41. b3 Kg8 42. Rb7 Na4 43. bxa4 bxa4 44. Rb1 1-0

[Event "BL 1516 Bayern München - Erfurter SK"]
[Site "?"]
[Date "2016.04.09"]
[Round "12.2"]
[White "Schenk, Andreas"]
[Black "Mihok, Oliver"]
[Result "0-1"]
[WhiteElo "2474"]
[BlackElo "2483"]
[PlyCount "72"]
[EventDate "2016.??.??"]

1. d4 Nf6 2. c4 c5 3. d5 b5 4. cxb5 a6 5. bxa6 g6 6. Nc3 Bg7 7. e4 O-O 8. Nf3
Qa5 9. Bd2 Bxa6 10. Bxa6 Qxa6 11. Qe2 d6 12. Qxa6 Nxa6 13. Ke2 Rfb8 14. Rab1
Rb4 15. e5 Ng4 16. exd6 exd6 17. Rhd1 Nc7 18. h3 Ne5 19. Nxe5 Bxe5 20. Be1 f5
21. Kf1 Rb7 22. a3 Rb3 23. Rdc1 Rab8 24. Rc2 Kf7 25. Nd1 Nxd5 26. Ra1 Bxb2 27.
Nxb2 Rxb2 28. Rcc1 Ke6 29. a4 Kd7 30. a5 Kc6 31. Rd1 Nc7 32. Rac1 Ra2 33. Bd2
Rbb2 34. Be1 Rb3 35. f3 Rbb2 36. Bg3 Nd5 0-1

[Event "BL 1516 Bayern München - Erfurter SK"]
[Site "?"]
[Date "2016.04.09"]
[Round "12.3"]
[White "Braeuer, Franz"]
[Black "Fedorovsky, Michael"]
[Result "0-1"]
[WhiteElo "2412"]
[BlackElo "2476"]
[PlyCount "84"]
[EventDate "2016.??.??"]

1. e4 c5 2. Nf3 d6 3. d4 cxd4 4. Nxd4 Nf6 5. Nc3 g6 6. Be3 Bg7 7. f3 O-O 8. Qd2
Nc6 9. g4 Be6 10. Nxe6 fxe6 11. O-O-O Ne5 12. Be2 Qc8 13. h4 Nfd7 14. h5 Nc4
15. Bxc4 Qxc4 16. hxg6 hxg6 17. f4 Bxc3 18. Qxc3 Qxc3 19. bxc3 Nf6 20. Bd4 Nxe4
21. Rde1 d5 22. g5 Kf7 23. Rh6 Rac8 24. Re3 Rg8 25. Reh3 Ke8 26. Rh7 Kd7 27.
Bf6 Rce8 28. Bd4 Nd6 29. Bxa7 Ra8 30. Bc5 Rxa2 31. Bxd6 Kxd6 32. Rf7 Rc8 33.
Kb1 Ra4 34. Kb2 Rac4 35. Re3 Rg8 36. Rh3 b5 37. Rhh7 b4 38. cxb4 Rxb4+ 39. Kc1
Rc4 40. Rh6 Rgc8 41. Rxg6 Rxc2+ 42. Kd1 Rg2 0-1

[Event "BL 1516 Bayern München - Erfurter SK"]
[Site "?"]
[Date "2016.04.09"]
[Round "12.4"]
[White "Mesaros, Florian"]
[Black "Machelett, Heiko"]
[Result "1/2-1/2"]
[WhiteElo "2307"]
[BlackElo "2406"]
[PlyCount "144"]
[EventDate "2016.??.??"]

1. Nf3 Nf6 2. c4 b6 3. g3 Bb7 4. Bg2 g6 5. d4 Bg7 6. O-O O-O 7. d5 Na6 8. Nc3
Nc5 9. Nd4 e5 10. Nb3 d6 11. e4 c6 12. Nxc5 bxc5 13. dxc6 Bxc6 14. Bg5 h6 15.
Bxf6 Qxf6 16. Qe2 Qe7 17. Rad1 Rfd8 18. Rd3 Rab8 19. Rfd1 Bf8 20. R1d2 Qb7 21.
Bf3 Qa6 22. b3 Qb7 23. h3 Qe7 24. Nd5 Bxd5 25. Rxd5 a5 26. Qd3 Qc7 27. Bd1 Re8
28. Kg2 Qe7 29. Qc3 Qc7 30. Qe3 Qe7 31. R2d3 Qg5 32. Qe1 Qd8 33. Qd2 Qc7 34.
Rf3 Re6 35. Kh2 Qb6 36. Rfd3 Qc7 37. Qc1 Ree8 38. Qa3 Rb4 39. Qc1 Rbb8 40. Bg4
Rb4 41. h4 h5 42. Bxh5 gxh5 43. Qg5+ Kh7 44. Qxh5+ Kg8 45. Qg5+ Kh7 46. f4 Qe7
47. Qh5+ Kg8 48. Qg4+ Kh7 49. fxe5 dxe5 50. Rf3 Rb7 51. Rf5 Bh6 52. Qh5 f6 53.
Rxc5 Rf8 54. Rxa5 Rd7 55. Rf2 Kg7 56. Ra6 Rd6 57. Qg4+ Kh7 58. Qf5+ Kg7 59.
Rxd6 Qxd6 60. h5 Bg5 61. Rc2 Qd3 62. Rf2 Qd1 63. Qg6+ Kh8 64. c5 Qd4 65. Rc2
Qd3 66. Rg2 Qc3 67. Rf2 Qxc5 68. Qf5 Rd8 69. Rg2 Rd1 70. Qg6 Qc1 71. Qe8+ Kg7
72. Qe7+ Kg8 1/2-1/2

[Event "BL 1516 Bayern München - Erfurter SK"]
[Site "?"]
[Date "2016.04.09"]
[Round "12.5"]
[White "Enders, Peter"]
[Black "Dragnev, Valentin"]
[Result "1/2-1/2"]
[WhiteElo "2453"]
[BlackElo "2432"]
[PlyCount "130"]
[EventDate "2016.??.??"]

1. b3 c5 2. Bb2 d5 3. g3 Nc6 4. Nf3 Qc7 5. Bg2 e5 6. O-O Nf6 7. c4 d4 8. e3 Be7
9. exd4 exd4 10. d3 O-O 11. Na3 Bf5 12. Nc2 a5 13. Na3 Rfe8 14. Nb5 Qd7 15. Qd2
h6 16. a3 Ng4 17. Rae1 Bf6 18. Rxe8+ Rxe8 19. Ne1 Nge5 20. Be4 Bh3 21. Ng2 a4
22. Qc2 axb3 23. Qxb3 Na5 24. Qc2 Nexc4 25. dxc4 d3 26. Bxd3 Bxb2 27. Rd1 Bd4
28. Nxd4 cxd4 29. Be4 Nxc4 30. Bh7+ Kh8 31. Qxc4 Kxh7 32. Qxd4 Qxd4 33. Rxd4
Re2 34. Rh4 Bd7 35. Rf4 Ra2 36. h4 Kg8 37. Rf3 Kf8 38. Re3 h5 39. Nf4 Ra1+ 40.
Kg2 Bc6+ 41. f3 Ra2+ 42. Kg1 g6 43. Kf1 Kg7 44. Kg1 Kf6 45. Nh3 Rb2 46. Ng5 Bd5
47. Rd3 Bc4 48. Re3 Kg7 49. Ne4 Bd5 50. Ng5 Ra2 51. Rd3 Bc6 52. Re3 Kg8 53. Kf1
Bb5+ 54. Kg1 Bc6 55. Kf1 Bd5 56. Kg1 Rd2 57. Re8+ Kg7 58. Re3 b5 59. Rc3 Kf8
60. Re3 Bc4 61. Ne4 Rd1+ 62. Kf2 Rf1+ 63. Kg2 Ra1 64. Nd6 Ra2+ 65. Kg1 Rd2
1/2-1/2

[Event "BL 1516 Bayern München - Erfurter SK"]
[Site "?"]
[Date "2016.04.09"]
[Round "12.6"]
[White "Belezky, Alexander"]
[Black "Troyke, Christian"]
[Result "1/2-1/2"]
[WhiteElo "2431"]
[BlackElo "2350"]
[PlyCount "67"]
[EventDate "2016.??.??"]

1. e4 c5 2. Nf3 g6 3. d3 Bg7 4. g3 Nc6 5. Bg2 e5 6. O-O Nge7 7. c3 O-O 8. a3 d5
9. b4 cxb4 10. axb4 dxe4 11. dxe4 Qc7 12. Na3 Rd8 13. Qe2 h6 14. Be3 Be6 15.
Rfd1 b6 16. Rxd8+ Rxd8 17. Rd1 Nc8 18. Rxd8+ Qxd8 19. Qd2 Qxd2 20. Nxd2 Nd6 21.
Bf1 Kf8 22. Nb5 Nxb5 23. Bxb5 Bd7 24. f3 Ke7 25. Bc4 f5 26. Bd5 f4 27. Bf2 g5
28. g4 Kd6 29. Nc4+ Kc7 30. Kf1 Ne7 31. Bf7 Nc8 32. Ke1 Nd6 33. Nxd6 Kxd6 34.
c4 1/2-1/2

[Event "BL 1516 Bayern München - Erfurter SK"]
[Site "?"]
[Date "2016.04.09"]
[Round "12.7"]
[White "Mueller, Matthias"]
[Black "Reich, Thomas"]
[Result "1/2-1/2"]
[WhiteElo "2382"]
[BlackElo "2376"]
[PlyCount "41"]
[EventDate "2016.??.??"]

1. e4 c5 2. Nf3 g6 3. d4 cxd4 4. Nxd4 Bg7 5. c4 Nc6 6. Be3 Nf6 7. Nc3 O-O 8.
Be2 d6 9. O-O Bd7 10. Rc1 Nxd4 11. Bxd4 Bc6 12. Bd3 a5 13. Re1 Nd7 14. Bxg7
Kxg7 15. Qd2 Qb6 16. Nd5 Bxd5 17. exd5 Rae8 18. Bf1 e5 19. dxe6 Rxe6 20. Rxe6
fxe6 21. Rd1 1/2-1/2